LEADER 01394nam0 22003131i 450 001 UON00039268 005 20231205102138.432 100 $a20020107d1960 |0itac50 ba 101 $aeng$aHEB 102 $aGB 105 $a|||| 1|||| 200 1 $aJeremiah$fHebrew text & English translation with an introduction and commentary by H. Freedman 210 $aLondon$cThe Soncino Press$d1961 215 $a369 p.$d20 cm 410 1$1001UON00067726$12001 $aˆThe ‰Soncino books of the Bible$fEditor: A. Cohen 500 1$3UON00352402$aBibbia. Antico Testamento. Geremia$956451 606 $aANTICO TESTAMENTO$xGEREMIA$3UONC003091$2FI 620 $aGB$dLondon$3UONL003044 686 $aSEB VI AA$cSTUDI EBRAICI - LETTERATURA - TESTI BIBLICI - TESTI$2A 702 1$aFREEDMAN$bH.$3UONV025035 712 $aSoncino$3UONV252279$4650 801 $aIT$bSOL$c20240220$gRICA 899 $aSIBA - SISTEMA BIBLIOTECARIO DI ATENEO$2UONSI 912 $aUON00039268 950 $aSIBA - SISTEMA BIBLIOTECARIO DI ATENEO$dSI SEB VI Aa 016 $eSI SA 114832 5 016 966 $aBIBBIA - ANTICO TESTAMENTO - COMMENTARI - GEREMIA$yANTICO TESTAMENTO - GEREMIA$3UONC011785 966 $aESEGESI BIBLICA - GEREMIA$yANTICO TESTAMENTO - GEREMIA$3UONC003867 996 $aBibbia. Antico Testamento. Geremia$956451 997 $aUNIOR LEADER 01620nas 2200481-a 450 001 9910131339503321 005 20240501213015.0 035 $a(CKB)110978979270868 035 $a(CONSER)---91650923- 035 $a(EXLCZ)99110978979270868 100 $a19910212b19912006 --- a 101 0 $aeng 181 $ctxt$2rdacontent 182 $cc$2rdamedia 183 $acr$2rdacarrier 200 00$aLaw office computing 210 $aCosta Mesa, CA $cJames Pub.$d©1991- 215 $a1 online resource 300 $aTitle from cover. 300 $aIssue for winter 1991 called also: Premier issue. 311 08$aPrint version: Law office computing. 1055-128X (DLC)###91650923 (OCoLC)23092346 531 0 $aLaw off. comput. 606 $aLaw offices$zUnited States$xAutomation$vPeriodicals 606 $aCabinets d'avocat$zÉtats-Unis$xAutomatisation$vPériodiques 606 $aMicro-ordinateurs$vPériodiques 606 $aLaw offices$xAutomation$2fast$3(OCoLC)fst00994061 606 $aLAW$2unbist 606 $aCOMPUTER SOFTWARE$2unbist 607 $aUnited States$2fast$1https://id.oclc.org/worldcat/entity/E39PBJtxgQXMWqmjMjjwXRHgrq 608 $aPeriodicals.$2fast 608 $aPeriodicals.$2lcgft 615 0$aLaw offices$xAutomation 615 6$aCabinets d'avocat$xAutomatisation 615 6$aMicro-ordinateurs 615 7$aLaw offices$xAutomation. 615 17$aLAW. 615 17$aCOMPUTER SOFTWARE. 676 $a340/.068 906 $aJOURNAL 912 $a9910131339503321 920 $aexl_impl conversion 996 $aLaw office computing$92320154 997 $aUNINA